| 000 | 00750nam a22002177a 4500 | ||
|---|---|---|---|
| 003 | OSt | ||
| 005 | 20160610154526.0 | ||
| 008 | 131002t xxu||||| |||| 00| 0 eng d | ||
| 020 | _a9780871208286 | ||
| 050 |
_aLB 1576 _b.C319 2004 |
||
| 082 |
_aGLT 808.04207 _bC27 2004 |
||
| 100 |
_aCaswell, Roger _922731 |
||
| 245 |
_aStrategies for teaching writing / _cRoger Caswell and Brenda Mahler. |
||
| 260 |
_aAlexandria, Va : _bAssociation for Supervision and Curriculum Development, _cc2004. |
||
| 300 |
_a386 p. : _bill, ; _c29 cm. |
||
| 562 | _e1 | ||
| 650 |
_aEnglish language _xComposition and exercises _xStudy and teaching. _922732 |
||
| 650 |
_aWriting _xStudy and teaching _xUnited States. _922733 |
||
| 942 |
_2lcc _cBK |
||
| 999 |
_c12629 _d12629 |
||